Fundamental research statistics for behavioral science
Introductory statistics for psychology
Bewaard in:
| Hoofdauteur: | |
|---|---|
| Formaat: | Boek |
| Taal: | Undetermined |
| Gepubliceerd in: |
New York
Holt, Rinehart and Winston
1969
|
| Onderwerpen: | |
| Tags: |
Voeg label toe
Geen labels, Wees de eerste die dit record labelt!
|
| Thư viện lưu trữ: | Trung tâm Học liệu Trường Đại học Cần Thơ |
|---|
| LEADER | 00630nam a2200193Ia 4500 | ||
|---|---|---|---|
| 001 | CTU_219762 | ||
| 008 | 210402s9999 xx 000 0 und d | ||
| 082 | |a 519.5 | ||
| 082 | |b R792 | ||
| 100 | |a Roscoe, John T. | ||
| 245 | 0 | |a Fundamental research statistics for behavioral science | |
| 245 | 0 | |c John T. Roscoe | |
| 260 | |a New York | ||
| 260 | |b Holt, Rinehart and Winston | ||
| 260 | |c 1969 | ||
| 520 | |a Introductory statistics for psychology | ||
| 650 | |a Psychometrics,Tâm lý học,Mathematical statistics,Toán học thống kê | ||
| 904 | |i Nguyên | ||
| 980 | |a Trung tâm Học liệu Trường Đại học Cần Thơ | ||